000 01361cam a2200373 i 4500
001 18981459
003 JO-AjAnu
005 20240921101018.0
008 160219s2016 gw a b 000 0 eng
010 _a 2016000930
020 _a9783631667668 (hardcover)
020 _z9783653064162 (E-Book)
040 _aDLC
_beng
_cDLC
_erda
_dDLC
_dJO-AjAnu
041 _aeng
_heng
042 _apcc
050 0 0 _aP39.5
_b.B63 2016
082 0 0 _a410.1/8
_223
100 1 _aBoguslawska-Tafelska, Marta.
245 1 0 _aEcolinguistics
_bCommunication Processes at the Seam of life /
_cMarta Boguslawska-Tafelska
264 1 _aFrankfurt am Main ;
_aNew York :
_bPeter Lang,
_c[2016]
300 _a126 pages :
_billustrations ;
_c22 cm
336 _atext
_2rdacontent
337 _aunmediated
_2rdamedia
338 _avolume
_2rdacarrier
504 _aIncludes bibliographical references (pages 111-120).
650 0 _aEcolinguistics
_xResearch.
650 0 _aCompetence and performance (Linguistics)
_xResearch.
650 0 _aCommunication models
_xResearch.
650 0 _aCommunication models
_xEvaluation.
650 0 _aInterdisciplinary approach in education
_xResearch
906 _a7
_bcbc
_corignew
_d1
_eecip
_f20
_gy-gencatlg
942 _2lcc
_cBK
_n0
999 _c33650
_d33650